[Event "Marianske Lazne IM-B3 20th"]
[Site "Marianske Lazne"]
[Date "2022.01.15"]
[Round "1"]
[White "Mica, Marek"]
[Black "Jasny, Stanislav"]
[Result "1/2-1/2"]
[WhiteElo "2305"]
[BlackElo "2299"]
[PlyCount "22"]
[EventDate "2022.01.15"]
[EventType "tourn"]
[EventRounds "9"]
[EventCountry "CZE"]
[EventCategory "1"]
[SourceTitle "CBM 206 Extra"]
[Source "ChessBase"]
[SourceDate "2022.03.31"]
[SourceVersion "1"]
[SourceVersionDate "2022.03.31"]
[SourceQuality "1"]

1. e4 e5 2. Nf3 Nc6 3. Bb5 Nf6 4. 0-0 Nxe4 5. d4 Nd6 6. dxe5 Nxb5 7. a4 Nbd4 8. Nxd4 Nxd4 9. Qxd4 d5 10. exd6 Qxd6 11. Qe4+ Qe6 1/2-1/2

[Event "CZE-chT 2122"]
[Site "Czech Republic"]
[Date "2021.11.07"]
[Round "4.5"]
[White "Jasny, Stanislav"]
[Black "Chytilek, Roman"]
[Result "1/2-1/2"]
[WhiteElo "2316"]
[BlackElo "2321"]
[PlyCount "102"]
[EventDate "2021.10.15"]
[EventType "team-tourn"]
[EventRounds "15"]
[EventCountry "CZE"]
[SourceTitle "EXT 2023"]
[Source "ChessBase"]
[SourceDate "2022.10.05"]
[SourceVersion "1"]
[SourceVersionDate "2022.10.05"]
[SourceQuality "1"]
[WhiteTeam "Frydek Mistek"]
[BlackTeam "Brno Duras"]
[WhiteTeamCountry "CZE"]
[BlackTeamCountry "CZE"]

1. Nf3 Nf6 2. c4 g6 3. g3 Bg7 4. Bg2 0-0 5. d4 d6 6. 0-0 c6 7. Nc3 Bg4 8. h3 Bf5 9. Ng5 Qc8 10. e4 Bd7 11. Kh2 e5 12. Nf3 Re8 13. d5 Na6 14. Be3 Nc7 15. Ne1 c5 16. a4 Na6 17. Nb5 Bxb5 18. axb5 Nb4 19. Nd3 a5 20. bxa6 Nxd3 21. Qxd3 bxa6 22. Ra5 Rb8 23. Rfa1 Rxb2 24. Rxa6 Bf8 25. Ra7 Rb6 26. Bg5 Nd7 27. h4 h6 28. Bh3 Rb7 29. Bd2 Qc7 30. Rxb7 Qxb7 31. h5 g5 32. Qf3 Be7 33. Ra5 Nf8 34. Qa3 Qb1 35. Qa4 Rd8 36. Ra7 Bf6 37. Bf5 Qf1 38. Be3 Rb8 39. Bh3 Qe2 40. Rxf7 Kxf7 41. Qa7+ Be7 42. Qxb8 Qxh5 43. Qc8 Qf3 44. Qf5+ Qxf5 45. Bxf5 h5 46. Kg2 Kg7 47. Kf1 Nh7 48. f4 gxf4 49. gxf4 exf4 50. Bxf4 Ng5 51. e5 Nf7 1/2-1/2

[Event "CZE-chT1E 2122"]
[Site "Czech Republic"]
[Date "2021.10.10"]
[Round "2.6"]
[White "Jasny, Stanislav"]
[Black "Piesik, Piotr"]
[Result "1/2-1/2"]
[WhiteElo "2316"]
[BlackElo "2389"]
[PlyCount "26"]
[EventDate "2021.10.09"]
[EventType "team-tourn"]
[EventRounds "11"]
[EventCountry "CZE"]
[SourceTitle "EXT 2023"]
[Source "ChessBase"]
[SourceDate "2022.10.05"]
[SourceVersion "1"]
[SourceVersionDate "2022.10.05"]
[SourceQuality "1"]
[WhiteTeam "Vsetin"]
[BlackTeam "Gordic"]
[WhiteTeamCountry "CZE"]
[BlackTeamCountry "CZE"]

1. e4 c6 2. d4 d5 3. Nc3 dxe4 4. Nxe4 Nd7 5. Nf3 Ngf6 6. Nxf6+ Nxf6 7. c3 Bg4 8. Be2 e6 9. Ne5 Bxe2 10. Qxe2 Be7 11. 0-0 0-0 12. Bg5 Nd5 13. Bxe7 Qxe7 1/2-1/2

[Event "Pardubice Czech op-E 32nd"]
[Site "Pardubice"]
[Date "2021.07.17"]
[Round "5.4"]
[White "Cozl, David"]
[Black "Jasny, Stanislav"]
[Result "0-1"]
[WhiteElo "1974"]
[BlackElo "2315"]
[PlyCount "88"]
[EventDate "2021.07.15"]
[EventType "team-swiss"]
[EventRounds "7"]
[EventCountry "CZE"]
[SourceTitle "CBM 203 Extra"]
[Source "ChessBase"]
[SourceDate "2021.09.30"]
[SourceVersion "1"]
[SourceVersionDate "2021.09.30"]
[SourceQuality "1"]
[WhiteTeam "Kolesovice Cesky Lev"]
[BlackTeam "Beskydy Chess School S"]
[WhiteTeamCountry "CZE"]
[BlackTeamCountry "CZE"]

1. e4 c5 2. f4 d5 3. exd5 Nf6 4. Nf3 Nxd5 5. d3 g6 6. Be2 Bg7 7. c3 Nc6 8. 0-0 0-0 9. Na3 Qc7 10. Ng5 e6 11. Qe1 Qe7 12. Bf3 h6 13. Ne4 b6 14. Kh1 Ba6 15. Nf2 Rad8 16. Nc4 f5 17. a4 Rfe8 18. Ne5 Nxe5 19. fxe5 Qc7 20. Qe2 Qxe5 21. Qxe5 Bxe5 22. Bxh6 Bf4 23. Bxd5 Bxh6 24. Bc6 Re7 25. Bb5 Bb7 26. Rae1 e5 27. Kg1 Kg7 28. Re2 Bg5 29. Rfe1 Bf6 30. Kf1 a6 31. Bc4 Ra8 32. Nh3 Bc6 33. Nf4 Rd7 34. Ne6+ Kh6 35. Re3 g5 36. Bb3 f4 37. Rh3+ Kg6 38. Bd1 Kf5 39. a5 Kxe6 40. Bg4+ Kd6 41. Bxd7 Kxd7 42. Rh7+ Ke6 43. d4 cxd4 44. cxd4 e4 0-1

[Event "CZE-chT 1920"]
[Site "Czech Republic"]
[Date "2019.10.13"]
[Round "2.3"]
[White "Vlasak, Lukas"]
[Black "Jasny, Stanislav"]
[Result "1-0"]
[WhiteElo "2423"]
[BlackElo "2326"]
[PlyCount "71"]
[EventDate "2019.10.12"]
[EventType "team-tourn"]
[EventRounds "11"]
[EventCountry "CZE"]
[SourceTitle "EXT 2020"]
[Source "ChessBase"]
[SourceDate "2019.10.17"]
[SourceVersion "1"]
[SourceVersionDate "2019.10.17"]
[SourceQuality "1"]
[WhiteTeam "Turnov Zikuda"]
[BlackTeam "Frydek Mistek"]
[WhiteTeamCountry "CZE"]
[BlackTeamCountry "CZE"]

1. e4 g6 2. d4 d6 3. Bc4 Nf6 4. Qe2 Bg7 5. Nf3 0-0 6. e5 dxe5 7. dxe5 Nd5 8. h3 c6 9. 0-0 b5 10. Bb3 Na6 11. c4 bxc4 12. Bxc4 Qb6 13. Nc3 Nxc3 14. bxc3 Nc7 15. Be3 Qa5 16. Nd4 Qxe5 17. Nxc6 Qe4 18. Nxa7 Be6 19. Bd3 Qa4 20. Nb5 Nxb5 21. Bxb5 Qe4 22. Bd3 Qe5 23. a4 Qxc3 24. Rac1 Qf6 25. Bb5 Bb3 26. Bc5 Rfc8 27. Bxe7 Qf4 28. Rxc8+ Rxc8 29. Qg4 Qxg4 30. hxg4 Bd4 31. Rb1 Bc2 32. Rc1 Kg7 33. g5 Bb2 34. Bf6+ Bxf6 35. gxf6+ Kxf6 36. Bd3 1-0

[Event "CZE-chT 1920"]
[Site "Czech Republic"]
[Date "2019.10.12"]
[Round "1.4"]
[White "Pechac, Jergus"]
[Black "Jasny, Stanislav"]
[Result "1-0"]
[WhiteElo "2491"]
[BlackElo "2326"]
[PlyCount "81"]
[EventDate "2019.10.12"]
[EventType "team-tourn"]
[EventRounds "11"]
[EventCountry "CZE"]
[SourceTitle "EXT 2020"]
[Source "ChessBase"]
[SourceDate "2019.10.17"]
[SourceVersion "1"]
[SourceVersionDate "2019.10.17"]
[SourceQuality "1"]
[WhiteTeam "Pardubice"]
[BlackTeam "Frydek Mistek"]
[WhiteTeamCountry "CZE"]
[BlackTeamCountry "CZE"]

1. d4 g6 2. e4 Bg7 3. Nc3 d6 4. Be3 a6 5. Qd2 b5 6. f3 Nd7 7. h4 Ngf6 8. 0-0-0 Nb6 9. Bh6 Bxh6 10. Qxh6 b4 11. Nce2 e6 12. g4 Qe7 13. h5 Bb7 14. hxg6 fxg6 15. Nf4 0-0-0 16. g5 Nfd7 17. Bh3 e5 18. Ne6 Rdg8 19. Ne2 Kb8 20. d5 c6 21. dxc6 Bxc6 22. Qh4 Nf8 23. Qg4 Bd7 24. Qg1 Kb7 25. Nxf8 Rxf8 26. Bxd7 Qxd7 27. f4 Qe6 28. Kb1 exf4 29. Nd4 Qe5 30. Qe1 a5 31. Nf3 Qc5 32. e5 d5 33. Nd4 Re8 34. Qf1 Nc4 35. Nb3 Qc6 36. Qxf4 Rxe5 37. Nxa5+ Nxa5 38. Qxe5 Re8 39. Rxh7+ Kb6 40. Qd4+ Qc5 41. Qf6+ 1-0